000 00496nam a22001697a 4500
999 _c164600
_d164600
005 20190523121951.0
010 _aA-423287
020 _a8171690769
035 _aA-423287
037 _bCommonwealth Publishers
082 _a883.08
100 _aO,Brien, Colin Joseph
245 _aArt and reality in the novels of joyce cary /
_cColin Joseph O'brien
260 _aNew Delhi
_bCommonwealth Publishers
_c1990
300 _a163p.
_c22cm(hbk)
942 _2ddc
_cEN
_h883.08
_mJOS